书目信息 |
| 题名: |
怎样做好教导处工作
|
|
| 作者: | 王复国 编 | |
| 分册: | 第二分册 | |
| 出版信息: | 杭州 杭师院教育干部培训班 [198?] |
|
| 页数: | 268页 | |
| 开本: | 19cm | |
| 丛书名: | ||
| 单 册: | ||
| 中图分类: | G473 | |
| 科图分类: | ||
| 主题词: | 教导主任--工作 | |
| 电子资源: | ||
| ISBN: | ||
| 000 | 00612nam0 2200217 45 | |
| 001 | 0189010607 | |
| 005 | 20060601102217.73 | |
| 010 | @dCNY0.85 | |
| 100 | @a19910105d m y0chiy0120 ea | |
| 101 | 0 | @achi |
| 102 | @aCN@b150000 | |
| 105 | @ay z 000yy | |
| 200 | 10 | @a怎样做好教导处工作@AZen Yang Zuo Hao Jiao Dao Chu Gong Zuo@h第二分册@f王复国编@FWang Fu Guo Bian |
| 210 | @a杭州@c杭师院教育干部培训班@d[198?] | |
| 215 | @a268页@d19cm | |
| 540 | 1 | @a教导工作@Ajiao dao gong zuo |
| 606 | @a教导主任@x工作 | |
| 690 | @aG473@v4 | |
| 701 | 0 | @a王复国@4编 |
| 801 | 0 | @aCN@bNLC@c20060601 |
| 905 | @dG473@e18:2 | |
| 怎样做好教导处工作.第二分册/王复国编.-杭州:杭师院教育干部培训班,[198?] |
| 268页;19cm |
| ISBN :CNY0.85 |
| ● |
| 相关链接 |
|
|
|
|
正题名:怎样做好教导处工作
索取号:G473/18:2
 
预约/预借
| 序号 | 登录号 | 条形码 | 馆藏地/架位号 | 状态 | 备注 |
| 1 | 0215507 | 000461253 | 密集书库/ [索取号:G473/18:2] | 在馆 | |
| 2 | 0215508 | 000461217 | 密集书库/ [索取号:G473/18:2] | 在馆 | |
| 3 | 0215509 | 000461262 | 第一样本阅览室/ [索取号:G473/18:2] | 在馆 | |
| 4 | 0420230 | 204202308 | 密集书库/ [索取号:G473/18:2] | 在馆 |